El mapuche o Araucano (Record no. 11374)

MARC details
000 -LEADER
campo de control de longitud fija 00938nam a2200301 i 4500
001 - NÚMERO DE CONTROL
campo de control 11374
003 - IDENTIFICADOR DE NÚMERO DE CONTROL
campo de control ES-MaACL
005 - FECHA Y HORA DE LA ÚLTIMA TRANSACCIÓN
campo de control 20230906150104.0
007 - CAMPO FIJO DE DESCRIPCIÓN FÍSICA--INFORMACIÓN GENERAL
campo de control de longitud fija t|
008 - DATOS DE LONGITUD FIJA--INFORMACIÓN GENERAL
campo de control de longitud fija 921103s1992 sp |||| | spa d
020 ## - NÚMERO INTERNACIONAL ESTÁNDAR DEL LIBRO
Número Internacional Estándar del Libro 84-7100-441-0
080 ## - NÚMERO DE LA CLASIFICACIÓN DECIMAL UNIVERSAL
Número de la Clasificación Decimal Universal 811.852.51
080 ## - NÚMERO DE LA CLASIFICACIÓN DECIMAL UNIVERSAL
Número de la Clasificación Decimal Universal 821.852.51-34
100 1# - ENTRADA PRINCIPAL--NOMBRE DE PERSONA
Nombre de persona Salas, Adalberto.
9 (RLIN) 101719
245 13 - MENCIÓN DEL TÍTULO
Título El mapuche o Araucano
Resto del título : fonología, gramática y antología de cuentos /
Mención de responsabilidad, etc. Adalberto Salas.
246 30 - FORMA VARIANTE DEL TITULO
Título propio/Titulo breve Araucano
260 ## - PUBLICACIÓN, DISTRIBUCIÓN, ETC.
Lugar de publicación, distribución, etc. Madrid :
Nombre del editor, distribuidor, etc. MAPFRE,
Fecha de publicación, distribución, etc. D.L. 1992.
300 ## - DESCRIPCIÓN FÍSICA
Extensión 398 p ;
Dimensiones 23 cm.
490 1# - MENCIÓN DE SERIE
Mención de serie Lenguas y literaturas indígenas ;
Designación de volumen o secuencia 3
500 ## - NOTA GENERAL
Nota general Indice.
504 ## - NOTA DE BIBLIOGRAFÍA, ETC.
Nota de bibliografía, etc. Bibliografía: p. [345]-362.
650 14 - PUNTO DE ACCESO ADICIONAL DE MATERIA--TÉRMINO DE MATERIA
Término de materia o nombre geográfico como elemento de entrada Lengua mapuche.
9 (RLIN) 162847
650 #4 - PUNTO DE ACCESO ADICIONAL DE MATERIA--TÉRMINO DE MATERIA
Término de materia o nombre geográfico como elemento de entrada Indios de América del Sur-
Subdivisión general Lenguas.
9 (RLIN) 143159
650 #4 - PUNTO DE ACCESO ADICIONAL DE MATERIA--TÉRMINO DE MATERIA
Término de materia o nombre geográfico como elemento de entrada Cuentos mapuches.
9 (RLIN) 162848
830 0# - PUNTO DE ACCESO ADICIONAL DE SERIE-TÍTULO UNIFORME
Título uniforme Lenguas y literaturas indígenas ;
Designación de volumen o secuencia 3
9 (RLIN) 179031
852 ## - LOCALIZACIÓN
Ubicación ES-MaACL
Número de control de estantería L-18698
Sublocalización o colección R.124159
Holdings
Estatus retirado Estado de pérdida Estado de daño No para préstamo Biblioteca de origen Biblioteca actual Ubicación en estantería Fecha de adquisición Fuente de adquisición Total de préstamos Signatura topográfica completa Código de barras Visto por última vez Precio de reemplazo Tipo de ítem Koha
        Biblioteca del Ateneo de Madrid Biblioteca del Ateneo de Madrid Depósito 2 17/01/2008     L-18698 1011597 23/02/2023 23/02/2023 Libro impreso